| 000 | 00585nam a22001575i 4500 | ||
|---|---|---|---|
| 001 | 165767 | ||
| 003 | ES-MaACL | ||
| 005 | 20230906213213.0 | ||
| 008 | 050906s1893 pl | |||||||| ||lat d | ||
| 040 |
_aCAM _bspa _cCAM |
||
| 100 | 1 |
_aSternbach, Leo. _9108132 |
|
| 245 | 1 | 0 |
_aDe Georgio Pisida nonni sectatore / _cscripsit Leo Sternbach. |
| 260 |
_aCracoviae : _b[s.n.], _c1893 ( _fTypis Universitatis Jagellonicae, provisore A.M. Kosterkiewicz) |
||
| 300 |
_a17 p. ; _c24 cm. |
||
| 852 |
_aES-MaACL _jT-838-F-11 _z-- Enc. hol. conservando la cub. original _z-- Enc. en un vol. facticio |
||
| 999 |
_c165767 _d165767 |
||